000 01642naa a22003617a 4500
001 BR8400607
003 BR-BrBNA
005 20240918175417.0
007 ta
008 230509b bl.||||| |||| 00| 0 por d
040 _aBR-BrBNA
_bpor
_cBiblioteca Nacional de Agricultura
041 _a(Pt)
072 _aH10
_b0334
_b3877
_b4020
_bG514
090 _aH10 BR8400607
100 1 _aChouene, E.C.
100 1 _aBarreto, B.A.
100 1 _aCaetano, W.
100 1 _aMedeiros, M.R. de A.
111 1 _a1. Reuniao Tecnica Anual de Culturas Energeticas do IPAGRO
_cPorto Alegre, RS (Brazil)
_d26 Apr 1983
245 1 _aEfeito de inseticidas no controle de Plutella Maculipennis (Curtis, 1839)(Lep., Plutellidae)em colza [Brassica napus, Rio Grande do Sul, Brasil]
246 1 _a[Insecticide effect on the control of Plutella maculipennis (Curtis, 1839)(Lep., Plutellidae)in rape [Brassica napus, Rio Grande do Sul, Brazil]]
246 1 _a[Energetic crops (sunflower, rape, cassava, saccharine sorghum, sugar beetroot)]
_bExperimental results 1982/83
260 3 _aPorto Alegre, RS (Brasil):
_c1983.
500 _aCulturas energeticas (girassol, colza, mandioca, sorgo sacarino, beterraba acucareira) Porto Alegre, RS (Brasil): 1983. p. 133-135 (BR8400607-AM)H10
650 _aLEPIDOPTERO
650 _aINSETICIDA
650 _aCOLZA
650 _aCONTROLE QUIMICO
650 _aRIO GRANDE DO SUL
773 0 _tCulturas energeticas (girassol, colza, mandioca, sorgo sacarino, beterraba acucareira)
_b
_wH10 BR8400607
_gPorto Alegre, RS (Brasil), 1983. p. 133-135
909 _a202404
_bLucia
_c55
_dLucia Elande
942 _cAM
_2AGRIS
999 _c316571
_d316571